[Event "Tourn. n9919"]
[Site "www.echecsemail.com"]
[Date "2018.09.18"]
[Round "1"]
[White "J1j6"]
[Black "Awfen"]
[WhiteElo "1900"]
[BlackElo "2080"]
[Result "0-1"]
[Round "1"]
1.e4 Nb8c6
2.d4 e5
3.d5 Nc6e7
4.Qd1f3 Ne7g6
5.Bf1c4 d6
6.Ng1e2 Ng8f6
7.Bc1g5 Bf8e7
8.h4 Bc8g4
9.Qf3b3 O-O
10.f3 Bg4d7
11.h5 Ng6h8
12.Nb1c3 c6
13.dxc6 Bd7xc6
14.Ne2g3 h6
15.Bg5h4 Nf6d7
16.Bh4xe7 Qd8xe7
17.Ng3f5 Qe7g5
18.Nf5xd6 Qg5e3
19.Kf1 Nd7c5
20.Qb3b4 a5
21.Qb4a3 Nc5e6
22.Nd6f5 Ne6f4
23.Ra1e1 Qe3d2
24.Nf5e7 Kh7
25.Nc3e2 b5
26.Ne7xc6 bxc4
27.Nc6xe5 Nf4xe2
28.Re1xe2 Qd2c1
29.Re2e1 Qc1xc2
30.Rh1h4 Qc2d2
31.Ne5xc4 Qd2g5
32.Rh4h2 Qg5g3
33.Rh2h3 Qg3g5
34.Nc4b6 Qg5b5
35.Kg1 Qb5xb6
36.Kh1 f6
37.Qa3e7 Qb6xb2
38.Rh3g3 Nh8f7
39.f4 Qb2d2
40.Re1f1 Qd2e2
41.Rg3f3 Ra8e8
42.Qe7c5 a4
43.Qc5f5 Kg8
44.Rf1g1 Qe2xe4
45.Qf5g4 Nf7e5
{ resign }
0-1

[Event "Match"]
[Site "www.echecsemail.com"]
[Date "2018.09.18"]
[Round "1"]
[White "J1j6"]
[Black "Mitja"]
[WhiteElo "1950"]
[BlackElo "2000"]
[Result "0-1"]
[Round "1"]
1.d4 d5
2.Ng1f3 e6
3.c4 dxc4
4.Qd1a4 c6
5.e4 b5
6.Qa4c2 h6
7.b3 Bf8b4
8.Nb1d2 cxb3
9.axb3 Bb4a5
10.Bc1a3 Ng8f6
11.Qc2c5 Ba5b6
12.Qc5b4 a5
13.Qb4d6 Bc8d7
14.e5 Nf6d5
15.Nd2e4 Bb6c7
16.Qd6c5 Bd7c8
17.g3 b4
18.Ba3c1 Qd8e7
19.Qc5c4 Bc8a6
20.Qc4c2 Ba6xf1
21.Rh1xf1 Qe7d7
22.Ne4c5 Qd7e7
23.h4 Bc7b6
24.Nc5d3 Qe7a7
25.Nd3c5 Bb6xc5
26.Qc2xc5 Qa7xc5
27.dxc5 Nb8d7
28.Bc1b2 Nd7xc5
29.Ra1d1 Nc5xb3
30.Nf3d4 Kd7
31.Nd4xb3 a4
32.Nb3c5 Ke7
33.Rd1c1 a3
34.Bb2d4 Rh8b8
35.Nc5b3 Kd7
36.f4 a2
37.Kf2 Nd5c3
38.Rc1a1 Ra8a3
39.Bd4xc3 bxc3
40.Nb3c5 Ke7
41.Rf1d1 Rb8d8
42.Rd1xd8 Kxd8
43.Ke2 c2
44.Nc5d3 c5
45.Kd2 c4
46.Nd3b4 Ra3xg3
47.Ra1xa2 Rg3g4
48.Ra2xc2 Rg4xf4
49.Nb4c6 Kc7
50.Nc6a5 Rf4xh4
51.Na5xc4 Rh4h2
52.Kd3 Rh2xc2
53.Kxc2 Kc6
54.Nc4e3 Kd7
55.Kd3 Ke7
56.Ke4 f6
57.exf6 Kxf6
58.Ne3g4 Kg5
59.Ng4e5 h5
60.Ne5f7 Kf6
61.Nf7e5 Kg5
62.Ne5f3 Kg4
63.Nf3h2 Kh3
64.Nh2f3 Kg3
65.Nf3g5 h4
66.Ke5 Kg4
67.Ng5e4 g5
68.Kxe6 h3
69.Ne4f2 Kg3
70.Nf2xh3 Kxh3
71.Kf5 g4
72.Kf4 g3
{ resign }
0-1

[Event "Tourn. n9928"]
[Site "www.echecsemail.com"]
[Date "2018.09.18"]
[Round "1"]
[White "Andychesston"]
[Black "J1j6"]
[WhiteElo "2060"]
[BlackElo "1910"]
[Result "1-0"]
[Round "1"]
1.e4 c5
2.Ng1f3 e6
3.Nb1c3 Nb8c6
4.d4 cxd4
5.Nf3xd4 Nc6xd4
6.Qd1xd4 f6
7.Bc1d2 g5
8.O-O-O h5
9.Bf1b5 a6
10.Bb5a4 b5
11.Ba4b3 Bf8h6
12.Kb1 Qd8e7
13.Rh1e1 Bc8b7
14.f3 e5
15.Qd4d3 Bb7c6
16.Nc3d5 Qe7d6
17.Bd2b4 Qd6b8
18.Bb4a5 Ra8a7
19.Re1e2 g4
20.f4 exf4
21.e5 fxe5
22.Qd3g6 Kf8
23.Qg6f5 Kg7
24.Nd5c7 Qb8f8
25.Qf5xe5 Ng8f6
26.Ba5b6 Ra7b7
27.Bb6c5 Qf8d8
28.Bc5e7 Rh8e8
29.Qe5xf6 Kh7
30.Nc7xe8 { resign }
1-0

[Event "Match"]
[Site "www.echecsemail.com"]
[Date "2018.09.18"]
[Round "1"]
[White "J1j6"]
[Black "Ff333"]
[WhiteElo "1890"]
[BlackElo "2120"]
[Result "0-1"]
[Round "1"]
1.d4 d5
2.c4 Ng8f6
3.Nb1c3 e6
4.g3 Bc8d7
5.cxd5 Nf6xd5
6.Nc3xd5 exd5
7.Bf1g2 c6
8.Ng1f3 Bf8b4
9.Bc1d2 Nb8a6
10.Bd2xb4 Na6xb4
11.a3 Nb4a6
12.Nf3e5 Bd7e6
13.Qd1b3 Qd8e7
14.O-O f6
15.Ne5d3 O-O-O
16.Ra1c1 h5
17.Nd3f4 Be6f7
18.Rf1e1 g5
19.Nf4d3 Bf7g6
20.Nd3b4 Na6c7
21.Rc1xc6 a5
22.Nb4xd5 Rd8xd5
23.Rc6xc7 Qe7xc7
24.Bg2xd5 Rh8d8
25.Bd5e6 Kb8
26.e3 Bg6e4
27.Qb3b5 b6
28.f4 Qc7b7
29.Be6h3 g4
30.Bh3f1 h4
31.Re1e2 Rd8c8
32.Re2e1 hxg3
33.Qb5e2 Be4f3
34.Bf1g2 gxh2
35.Kxh2 Qb7h7
36.Kg1 Bf3xe2
37.Re1xe2 g3
38.Kf1 Rc8c1
39.Re2e1 Qh7c2
40.d5 Qc2f2
{ resign }
0-1

[Event "Tourn. n9912"]
[Site "www.echecsemail.com"]
[Date "2018.09.18"]
[Round "1"]
[White "J1j6"]
[Black "Falcoale"]
[WhiteElo "1890"]
[BlackElo "1930"]
[Result "0-1"]
[Round "1"]
1.e4 c5
2.Ng1f3 Nb8c6
3.d4 cxd4
4.Nf3xd4 e5
5.Nd4xc6 bxc6
6.Bc1d2 Ng8f6
7.Bf1d3 Bf8c5
8.O-O O-O
9.a3 d5
10.exd5 cxd5
11.Qd1e2 e4
12.Bd3b5 Bc8b7
13.b4 Bc5d4
14.Bd2c3 Bd4xc3
15.Nb1xc3 a6
16.Bb5a4 Qd8c7
17.Nc3a2 a5
18.Ba4b3 Bb7a6
19.c4 dxc4
20.Rf1c1 cxb3
21.Rc1xc7 Ba6xe2
22.Na2c3 Be2d3
23.Ra1e1 axb4
24.axb4 b2
25.g3 Ra8a1
{ resign }
0-1

[Event "Match"]
[Site "www.echecsemail.com"]
[Date "2018.09.18"]
[Round "1"]
[White "J1j6"]
[Black "Bojan"]
[WhiteElo "2000"]
[BlackElo "1930"]
[Result "0-1"]
[Round "1"]
1.e4 e5
2.Ng1f3 Nb8c6
3.Bf1c4 Nc6a5
4.Bc4xf7 Kxf7
5.Nf3xe5 Ke6
6.d4 Qd8h4
7.Qd1f3 Ng8f6
8.Bc1f4 d6
9.Ne5d3 Ke7
10.O-O Bc8g4
11.Qf3e3 Na5c4
12.Qe3e1 Nf6h5
13.e5 Kd7
14.b3 Nh5xf4
15.Nd3xf4 Nc4b6
16.e6 Kd8
17.d5 g5
18.e7 Bf8xe7
19.g3 Qh4h6
20.Nf4e6 Kd7
21.Ne6d4 Nb6xd5
22.Nb1c3 Ra8e8
23.Nc3b5 a6
24.Nb5a7 Be7f6
25.Qe1d2 Re8e4
26.Nd4f5 Qh6h3
27.Qd2xd5 Bg4xf5
28.Qd5f7 Bf6e7
29.Rf1e1 Bf5e6
30.Qf7f3 Re4xe1
31.Ra1xe1 c6
32.Qf3e3 Be7d8
33.Qe3d4 Rh8f8
34.Re1d1 Be6d5
35.f3 Rf8xf3
{ resign }
0-1

[Event "Match"]
[Site "www.echecsemail.com"]
[Date "2018.09.18"]
[Round "1"]
[White "J1j6"]
[Black "Andychesston"]
[WhiteElo "1950"]
[BlackElo "2050"]
[Result "0-1"]
[Round "1"]
1.c4 e5
2.d4 e4
3.Qd1c2 f5
4.Bc1f4 g5
5.Bf4e5 Ng8f6
6.Qc2c3 d6
7.Be5xf6 Qd8xf6
8.e3 c6
9.f3 Bf8g7
10.Nb1d2 O-O
11.O-O-O a5
12.fxe4 f4
13.exf4 Qf6xf4
14.Ng1e2 Qf4h4
15.Qc3b3 Kh8
16.g3 Qh4h6
17.h4 g4
18.Qb3c3 Rf8f3
19.Qc3c2 Nb8a6
20.a3 Na6b4
21.axb4 axb4
22.Kb1 Rf3f2
23.Nd2b3 Bc8e6
24.Rh1g1 Qh6f6
25.d5 cxd5
26.cxd5 Be6d7
27.Qc2c7 Qf6xb2
{ resign }
0-1

[Event "Match"]
[Site "www.echecsemail.com"]
[Date "2018.09.18"]
[Round "1"]
[White "Ditto"]
[Black "J1j6"]
[WhiteElo "1870"]
[BlackElo "1930"]
[Result "1-0"]
[Round "1"]
1.e4 e5
2.Ng1f3 Nb8c6
3.Bf1b5 Ng8e7
4.d3 a6
5.Bb5a4 d6
6.Bc1g5 f6
7.Bg5e3 b5
8.Ba4b3 Bc8b7
9.Nb1c3 Ne7g6
10.Nc3e2 Bf8e7
11.c3 Qd8d7
12.Bb3d5 O-O-O
13.a4 Nc6a5
14.O-O Bb7xd5
15.exd5 Qd7g4
16.axb5 axb5
17.Ra1xa5 f5
18.Qd1b3 f4
19.Qb3xb5 c5
20.Qb5c6 { resign }
1-0

[Event "Tourn. n9892"]
[Site "www.echecsemail.com"]
[Date "2018.09.18"]
[Round "1"]
[White "Cathar"]
[Black "Seger"]
[WhiteElo "2420"]
[BlackElo "2870"]
[Result "0-1"]
[Round "1"]
1.e4 e5
2.Ng1f3 Nb8c6
3.Bf1b5 a6
4.Bb5a4 Ng8f6
5.O-O b5
6.Ba4b3 Nf6xe4
7.d4 d5
8.dxe5 Bc8e6
9.Bc1e3 Bf8e7
10.c3 O-O
11.Nb1d2 Ne4xd2
12.Qd1xd2 Qd8d7
13.Ra1d1 Ra8d8
14.h3 Nc6a5
15.Be3g5 h6
16.Bg5xe7 Qd7xe7
17.Rf1e1 c5
18.Bb3c2 Rf8e8
19.b3 Na5c6
20.Qd2f4 b4
21.cxb4 Nc6xb4
22.Bc2b1 a5
23.Nf3h2 d4
24.a3 Nb4d5
{ resign }
0-1

[Event "Tourn. n9929"]
[Site "www.echecsemail.com"]
[Date "2018.09.18"]
[Round "1"]
[White "Sociopath"]
[Black "Joskomol"]
[WhiteElo "2680"]
[BlackElo "2290"]
[Result "1-0"]
[Round "1"]
1.e4 e6
2.d4 d5
3.e5 c5
4.c3 Nb8c6
5.Ng1f3 Qd8b6
6.a3 g6
7.b4 Bc8d7
8.bxc5 Qb6c7
9.c4 b6
10.cxd5 exd5
11.Nb1c3  { time }
1-0

[Event "Match"]
[Site "www.echecsemail.com"]
[Date "2018.09.18"]
[Round "1"]
[White "J1j6"]
[Black "Kipik"]
[WhiteElo "1860"]
[BlackElo "2020"]
[Result "0-1"]
[Round "1"]
1.e3 b6
2.Qd1f3 d5
3.c4 e6
4.cxd5 exd5
5.Bf1b5 c6
6.Bb5a4 Ng8f6
7.Nb1c3 b5
8.Nc3xb5 cxb5
9.Ba4xb5 Bc8d7
10.Bb5xd7 Qd8xd7
11.Ng1e2 Nb8c6
12.a3 Bf8d6
13.b4 Nc6e5
14.Qf3h3 Qd7xh3
15.gxh3 Ne5d3
16.Kf1 Ra8c8
17.Kg2 Bd6e5
18.Ra1b1 Kd7
19.f4 Be5d6
20.Ne2d4 Rh8e8
21.Nd4f5 Rc8c2
22.Nf5xg7 Re8g8
23.Kf3 Rg8xg7
{ resign }
0-1

[Event "Match"]
[Site "www.echecsemail.com"]
[Date "2018.09.18"]
[Round "1"]
[White "Fangshuo"]
[Black "J1j6"]
[WhiteElo "2030"]
[BlackElo "1970"]
[Result "1-0"]
[Round "1"]
1.e4 e5
2.Ng1f3 Nb8c6
3.d4 d6
4.dxe5 f6
5.exd6 Bf8xd6
6.Bf1b5 Bd6b4
7.Bc1d2 Qd8e7
8.Bb5xc6 bxc6
9.O-O Bc8g4
10.Bd2xb4 Qe7xb4
11.b3 Ra8d8
12.Qd1e2 Bg4xf3
13.Qe2xf3 Ng8e7
14.Qf3h5 Ne7g6
15.Qh5f3 Qb4d4
16.Nb1c3 O-O
17.Ra1d1 Qd4e5
18.Qf3e3 a5
19.f4 Qe5h5
20.f5 Ng6e5
21.Nc3e2 Ne5g4
22.Qe3g3 Ng4xh2
23.Rd1xd8 Rf8xd8
24.Qg3xc7 Rd8e8
25.Ne2f4 Qh5h4
26.Nf4e6 Qh4h6
27.Qc7xc6 Re8e7
28.Qc6c8 { resign }
1-0

[Event "Match"]
[Site "www.echecsemail.com"]
[Date "2018.09.18"]
[Round "1"]
[White "J1j6"]
[Black "Apdash"]
[WhiteElo "1920"]
[BlackElo "2040"]
[Result "0-1"]
[Round "1"]
1.d4 d5
2.Nb1c3 e6
3.Bc1f4 c5
4.Nc3b5 Qd8a5
5.Nb5c3 Nb8c6
6.dxc5 Bf8xc5
7.a3 Qa5b6
8.e3 Qb6d8
9.Qd1g4 Qd8f6
10.Ng1f3 e5
11.Nc3xd5 Bc8xg4
12.Nd5xf6 Ng8xf6
13.Nf3xe5 Nc6xe5
14.Bf4xe5 Bc5e7
15.h3 Bg4e6
16.Bf1b5 Be6d7
17.Bb5xd7 Nf6xd7
18.Be5xg7 Rh8g8
19.Bg7h6 Rg8xg2
20.Bh6f4 Be7h4
21.Rh1f1 Nd7f6
22.Ke2 Ra8d8
23.Ra1c1 Nf6h5
24.Kf3 Nh5xf4
25.exf4 Rg2h2
26.Rc1e1 Kf8
27.Re1e2 Rd8d6
28.Kg4 Rh2g2
29.Kf3 Rg2g6
30.Rf1e1 Rd6e6
31.Re2xe6 Rg6xe6
32.Re1xe6 fxe6
33.c4 Kf7
34.b4 Bh4f6
35.Kg4 Bf6b2
36.a4 Bb2a3
37.b5 b6
38.f5 e5
39.Kf3 Kf6
40.Ke4 Ba3c5
41.f4 exf4
42.Kxf4 Ke7
43.Ke5 Bc5d6
44.Kd5 Kd7
45.f6 Bd6f8
46.f7 h5
47.Ke5 Ke7
48.Kd5 Kxf7
49.Kc6 Kg6
50.Kb7 Kg5
51.Kxa7 Bf8c5
52.Ka6 Kh4
53.a5 Kxh3
54.axb6 Kg4
55.b7 Bc5d6
56.Ka7 h4
57.b8Q Bd6xb8
58.Kxb8 h3
59.b6 h2
60.b7 h1Q
61.Kc7 Qh1h7
62.Kb6 Qh7g6
63.Ka7 Qg6f7
64.Ka8 Qf7f3
65.c5 Qf3a3
66.Kb8 Qa3xc5
67.Ka8 Qc5a5
68.Kb8 Kf5
69.Kc8 Qa5c5
70.Kd7 Qc5f8
71.Kc7 Qf8e7
72.Kc6 Qe7d8
73.Kb5 Qd8b8
74.Kc6 Ke6
{ resign }
0-1

[Event "Tourn. n9942"]
[Site "www.echecsemail.com"]
[Date "2018.09.18"]
[Round "1"]
[White "Fantomas"]
[Black "J1j6"]
[WhiteElo "2080"]
[BlackElo "2050"]
[Result "1-0"]
[Round "1"]
1.d4 Ng8f6
2.Ng1f3 d5
3.c4 dxc4
4.Nb1c3 c5
5.e3 cxd4
6.Nf3xd4 e5
7.Nd4c2 Qd8xd1
8.Kxd1 Bc8e6
9.e4 Bf8c5
10.Nc2e3 Bc5xe3
11.Bc1xe3 Nf6g4
12.Ke2 Ng4xe3
13.Kxe3 a6
14.Nc3d5 Be6xd5
15.exd5 b5
16.a4 b4
17.Bf1xc4 a5
18.Bc4b5 Kd8
19.Ra1c1 Ke7
20.Rh1d1 f5
21.d6 Kf6
22.Rc1c7 Rh8d8
23.d7 Nb8xd7
24.Rd1xd7 Rd8xd7
25.Rc7xd7 f4
26.Ke4 Ra8c8
27.Rd7d6 Kg5
28.Bb5d3 h5
29.Kf3 Rc8c1
30.Rd6g6 Kh4
31.Bd3f5 { resign }
1-0

[Event "Tourn. n9906"]
[Site "www.echecsemail.com"]
[Date "2018.09.18"]
[Round "1"]
[White "Numanoid"]
[Black "Iituchess"]
[WhiteElo "2540"]
[BlackElo "2559"]
[Result "1-0"]
[Round "1"]
1.e4 e5
2.Ng1f3 Nb8c6
3.d4 exd4
4.Nf3xd4 Ng8f6
5.Nd4xc6 bxc6
6.e5 Qd8e7
7.Qd1e2 Nf6d5
8.h4 Qe7e6
9.g3 d6
10.c4 Nd5b6
11.Bf1g2 dxe5
12.O-O Bf8e7
13.b3 O-O
14.Bc1b2 f6
15.Nb1d2 a5
16.Rf1e1 Be7b4
17.Qe2e3 Nb6d7
18.a3 Bb4xd2
19.Qe3xd2 a4
20.b4 Nd7b6
21.c5  { time }
1-0

[Event "Tourn. n9914"]
[Site "www.echecsemail.com"]
[Date "2018.09.18"]
[Round "1"]
[White "Joskomol"]
[Black "Alessiov"]
[WhiteElo "2240"]
[BlackElo "2260"]
[Result "0-1"]
[Round "1"]
1.e4 e5
2.Ng1f3 Nb8c6
3.d4 exd4
4.Nf3xd4 Ng8f6
5.Nd4xc6 bxc6
6.Nb1c3 Bf8b4
7.Bf1d3 d5
8.exd5 cxd5
9.a3 Bb4e7
10.Bc1f4 c5
11.O-O O-O
12.Rf1e1 Bc8e6
13.Bf4e3 d4
14.Be3d2 c4
15.Bd3e2 dxc3
16.Bd2xc3 Qd8c7
17.Be2f3 Ra8d8
 { time }
0-1

[Event "Match"]
[Site "www.echecsemail.com"]
[Date "2018.09.18"]
[Round "1"]
[White "Karlgrocer"]
[Black "J1j6"]
[WhiteElo "1930"]
[BlackElo "1940"]
[Result "1-0"]
[Round "1"]
1.Ng1f3 d6
2.d4 g6
3.e3 e6
4.Bf1e2 a6
5.O-O Bf8g7
6.Nb1d2 Ng8e7
7.c4 b6
8.Nd2b3 Bc8b7
9.Bc1d2 e5
10.dxe5 dxe5
11.Bd2c3 Nb8d7
12.Qd1c2 O-O
13.Ra1d1 Ne7c6
14.Rd1d2 Nc6b8
15.Rf1d1 Bb7c6
16.Nf3xe5 Bg7xe5
17.Bc3xe5 Qd8g5
18.Be5g3 Nd7e5
19.f4 Qg5h6
20.fxe5 Qh6xe3
21.Kh1 Qe3g5
22.Nb3d4 Bc6b7
23.Be2f3 Bb7xf3
24.Nd4xf3 Qg5h6
25.Qc2e4 c6
26.Nf3d4 Rf8e8
27.Nd4xc6 Nb8xc6
28.Qe4xc6 Kg7
29.Qc6xb6 Re8e6
30.Qb6b7 Ra8e8
31.Rd2f2 Re8e7
32.Qb7f3 Re6b6
33.b3 { resign }
1-0

[Event "Tourn. n9933"]
[Site "www.echecsemail.com"]
[Date "2018.09.18"]
[Round "1"]
[White "Apdash"]
[Black "J1j6"]
[WhiteElo "2080"]
[BlackElo "2010"]
[Result "1-0"]
[Round "1"]
1.e4 c5
2.Ng1f3 e6
3.d4 cxd4
4.Nf3xd4 Bf8c5
5.Nd4b3 Qd8b6
6.Qd1f3 Bc5b4
7.Nb1c3 Nb8c6
8.Bc1d2 Nc6e5
9.Qf3g3 Ne5g6
10.a3 Bb4d6
11.Qg3e3 Qb6xe3
12.Bd2xe3 f5
13.exf5 exf5
14.Bf1e2 Ng8f6
15.O-O-O Bd6e5
16.Be3d4 Be5xd4
17.Nb3xd4 Ng6f4
18.Nd4xf5 Kf8
19.Be2f3 Kf7
20.Nf5d6 Kg6
21.g3 Nf4h3
22.Rd1d2 Nf6e8
23.Nd6xc8 Ra8xc8
24.Bf3xb7 Rc8c7
25.Bb7e4 Kf7
26.f4 g5
27.Be4f5 gxf4
28.Bf5xh3 fxg3
29.hxg3 Ne8f6
30.Rh1f1 Rh8g8
31.Nc3d5 Rg8xg3
32.Nd5xc7 Rg3xh3
33.Rd2f2 Rh3h6
34.Nc7d5 { resign }
1-0

[Event "Tourn. n9938"]
[Site "www.echecsemail.com"]
[Date "2018.09.18"]
[Round "1"]
[White "Karamelka"]
[Black "Scasan55"]
[WhiteElo "2060"]
[BlackElo "1860"]
[Result "1-0"]
[Round "1"]
1.e4 c5
2.Nb1c3 d6
3.Ng1f3 Nb8c6
4.h3 e6
5.Bf1c4 a6
6.d4 cxd4
7.Nf3xd4 Ng8f6
8.O-O Bf8e7
9.Nd4xc6 bxc6
10.Bc1f4 O-O
11.Ra1b1 Qd8c7
12.Qd1e2 Bc8b7
13.b3 Rf8d8
14.Rb1d1 h6
15.e5 dxe5
16.Bf4xe5 Qc7c8
17.Nc3e4 Nf6xe4
18.Qe2xe4 Rd8xd1
19.Rf1xd1 c5
20.Qe4g4 Qc8f8
21.Rd1d7 f5
22.Bc4xe6 Kh8
23.Qg4g6 Be7f6
24.Be6xf5 Qf8g8
25.Be5xf6 { resign }
1-0

[Event "Tourn. n9931"]
[Site "www.echecsemail.com"]
[Date "2018.09.18"]
[Round "1"]
[White "Jjmcbride"]
[Black "Julian"]
[WhiteElo "1610"]
[BlackElo "1760"]
[Result "0-1"]
[Round "1"]
1.e4 e5
2.d3 Ng8f6
3.g4 d5
4.h3 dxe4
5.g5 Nf6d5
6.dxe4 Nd5b6
7.Qd1xd8 Kxd8
8.Bc1d2 Bf8c5
9.Bd2c3 { time. }
0-1

[Event "Tourn. n9914"]
[Site "www.echecsemail.com"]
[Date "2018.09.19"]
[Round "1"]
[White "Apdash"]
[Black "Joskomol"]
[WhiteElo "2110"]
[BlackElo "2240"]
[Result "1-0"]
[Round "1"]
1.d4 d5
2.Ng1f3 Ng8f6
3.c4 dxc4
4.Nb1c3 Bc8g4
5.e4 Nb8c6
6.Bc1e3 e6
7.Bf1xc4 Bf8b4
8.d5 exd5
9.exd5 Bb4xc3
10.bxc3 Nc6e5
11.Qd1a4 Bg4d7
12.Bc4b5 Ne5xf3
13.gxf3 O-O
14.O-O-O Bd7xb5
15.Qa4xb5 Rf8e8
16.Rh1g1 Qd8d7
17.Qb5xd7 Nf6xd7
18.f4 Nd7b6
19.Be3xb6 axb6
20.Rd1d2 Ra8a4
21.Rg1g4 f5
22.Rg4h4 Re8e1
23.Kb2 Ra4e4
24.Kb3  { time }
1-0

[Event "Match"]
[Site "www.echecsemail.com"]
[Date "2018.09.19"]
[Round "1"]
[White "Libiesse"]
[Black "J1j6"]
[WhiteElo "1910"]
[BlackElo "1990"]
[Result "1-0"]
[Round "1"]
1.d4 Ng8f6
2.c4 d5
3.cxd5 Nf6xd5
4.e4 Nd5b6
5.Nb1c3 g6
6.Ng1f3 Bf8g7
7.Bc1e3 Bc8g4
8.Bf1e2 Nb6c4
9.Be3f4 Nc4xb2
10.Qd1b3 Bg4xf3
11.Qb3xb2 Bf3xe2
12.Qb2xb7 Qd8xd4
13.Kxe2 Qd4xc3
14.Qb7c8 
1-0

[Event "Tourn. n9905"]
[Site "www.echecsemail.com"]
[Date "2018.09.19"]
[Round "1"]
[White "Stepanpech"]
[Black "Cathar"]
[WhiteElo "2490"]
[BlackElo "2420"]
[Result "0-1"]
[Round "1"]
1.e4 e6
2.d4 d5
3.Nb1c3 Bf8b4
4.e5 c5
5.a3 Bb4xc3
6.bxc3 Ng8e7
7.Qd1g4 O-O
8.Bf1d3 Nb8c6
9.Qg4h5 Ne7g6
10.Ng1f3 Qd8c7
11.Bc1e3 c4
12.Bd3xg6 fxg6
13.Qh5g4 Qc7f7
14.Nf3g5 Qf7e8
15.h4 Nc6e7
16.a4 a5
17.O-O Bc8d7
18.Rf1b1 Ra8b8
19.Rb1b6 Ne7c8
20.Rb6b2 Rf8f5
21.Ng5h3 Bd7xa4
 { time }
0-1

[Event "Match"]
[Site "www.echecsemail.com"]
[Date "2018.09.19"]
[Round "1"]
[White "Joskomol"]
[Black "Paco"]
[WhiteElo "1809"]
[BlackElo "1960"]
[Result "0-1"]
[Round "1"]
1.e4 e5
2.Ng1f3 Nb8c6
3.Bf1b5 d6
4.d4 a6
5.Bb5xc6 bxc6
6.dxe5 dxe5
7.Qd1xd8 Kxd8
8.Nf3xe5 Ke8
9.O-O Bc8b7
10.Rf1d1 Bf8d6
11.Ne5c4 Bd6c5
12.Bc1f4 Ra8c8
13.Nb1c3 Ng8f6
14.Rd1d3 Nf6g4
15.Bf4g3 h5
16.Ra1e1 h4
17.Nc4e5 Ng4xe5
18.Bg3xe5 f6
19.Nc3a4 Bc5xf2
20.Kxf2 fxe5
21.Na4c5 Bb7a8
22.b4 Rh8f8
23.Rd3f3 Rc8d8
24.Rf3xf8 Kxf8
 { time }
0-1

[Event "Tourn. n9941"]
[Site "www.echecsemail.com"]
[Date "2018.09.19"]
[Round "1"]
[White "Asoka"]
[Black "Coolant"]
[WhiteElo "2710"]
[BlackElo "2320"]
[Result "1-0"]
[Round "1"]
1.a3 e5
2.c4 a5
3.Nb1c3 Nb8c6
4.e3 Ng8f6
5.d4 exd4
6.exd4 d5
7.Ng1f3 Bc8g4
8.Bc1e3 Bf8e7
9.h3 Bg4e6
10.Nf3g5 Qd8d7
11.Ng5xe6 Qd7xe6
12.g4 O-O-O
13.Bf1g2 dxc4
14.d5 Qe6e5
15.g5 Be7c5
16.gxf6 Bc5xe3
17.fxe3 Qe5xe3
18.Qd1e2 Qe3g3
19.Qe2f2 Rd8e8
20.Kf1 Qg3d3
21.Kg1 Nc6e5
22.Bg2e4 { resign }
1-0

[Event "Tourn. n9835"]
[Site "www.echecsemail.com"]
[Date "2018.09.19"]
[Round "1"]
[White "Azulmarino"]
[Black "Cal"]
[WhiteElo "1650"]
[BlackElo "1660"]
[Result "0-1"]
[Round "1"]
1.e4 e5
2.Ng1f3 d6
3.Nb1c3 a6
4.Bf1c4 h6
5.d3 c6
6.Bc1e3 Ng8f6
7.Qd1d2 b5
8.Bc4b3 Bf8e7
9.a3 a5
10.O-O O-O
11.Be3xh6 Nf6h5
12.h3 Kh7
13.h4 Bc8g4
14.Nc3e2 Bg4xf3
15.gxf3 Be7xh4
16.Bh6e3 Qd8f6
17.f4 Qf6g6
18.Ne2g3 Bh4xg3
19.f5 Bg3xf2
20.Kxf2 Qg6g3
21.Ke2 Qg3g4
22.Ke1 Nb8d7
23.Rf1g1 Qg4h4
24.Be3f2 Qh4h3
25.c3 Nd7f6
26.Bb3d1 Nf6g4
27.Bd1xg4 Qh3h2
28.f6 Nh5f4
29.Bg4f5 g6
30.Kd1 gxf5
31.Kc2 Nf4h3
32.Rg1h1 Qh2g2
33.Rh1xh3 Qg2xh3
34.exf5 Rf8g8
35.Ra1g1 Rg8xg1
36.Bf2xg1 Ra8g8
37.Qd2d1 Qh3xf5
38.Bg1e3 Rg8g2
39.Be3d2 Kg8
40.Kc1 Qf5xd3
41.b3 Rg2f2
42.Qd1g4 Qd3g6
43.Qg4c8 Kh7
44.Qc8h3 Kg8
45.Qh3h4 Rf2f1
46.Kb2 Qg6b1
{ resign }
0-1

[Event "Match"]
[Site "www.echecsemail.com"]
[Date "2018.09.19"]
[Round "1"]
[White "Guidom"]
[Black "Calmriver"]
[WhiteElo "2200"]
[BlackElo "1550"]
[Result "1-0"]
[Round "1"]
1.e4 c5
2.Ng1f3 d6
3.d4 cxd4
4.Nf3xd4 Ng8f6
5.Bf1d3 a6
6.c3 Nb8d7
7.O-O e5
8.Nd4e2 Bf8e7
9.Bc1g5 O-O
10.Nb1d2 Nd7c5
11.Bd3c2 d5
12.exd5 Nf6xd5
13.Bg5xe7 Qd8xe7
14.Nd2f3 Rf8d8
15.Qd1b1 Nd5f6
16.Ne2g3 g6
17.Rf1e1 Nc5d7
18.Qb1c1 b6
19.Qc1g5 Nf6d5
20.Qg5xe7 Nd5xe7
21.Nf3xe5 Nd7f8
22.Bc2b3 Nf8e6
23.Ng3e4 Kg7
24.Bb3xe6 Bc8xe6
25.Ne4g5 Rd8d2
26.Ng5xe6 fxe6
27.Ne5c4 Rd2c2
28.Re1xe6 { resign }
1-0

[Event "Match"]
[Site "www.echecsemail.com"]
[Date "2018.09.19"]
[Round "1"]
[White "Logout"]
[Black "Sonny1000"]
[WhiteElo "1789"]
[BlackElo "1600"]
[Result "1-0"]
[Round "1"]
1.e4 e5
2.Ng1f3 f6
3.c3 c6
4.d4 b6
5.Bc1e3 c5
6.d5 Ng8e7
7.c4 g6
8.Nb1c3 b5
9.Nc3xb5 Qd8a5
10.Qd1d2 Qa5b6
11.a4 a5
12.Bf1e2 h6
13.Qd2c3 d6
14.b4 axb4
15.Qc3xb4 cxb4
16.Be3xb6 Ne7g8
17.Nb5c7 { resign }
1-0

[Event "Tourn. n9944"]
[Site "www.echecsemail.com"]
[Date "2018.09.19"]
[Round "1"]
[White "Rons"]
[Black "Ejner"]
[WhiteElo "2660"]
[BlackElo "2430"]
[Result "1-0"]
[Round "1"]
1.e4 e6
2.d4 d5
3.Nb1c3 dxe4
4.Nc3xe4 Nb8d7
5.g4 Ng8f6
6.Ne4xf6 Nd7xf6
7.g5 Nf6d5
8.Ng1f3 c5
9.c4 Nd5b4
10.a3 Nb4a6
11.Bf1g2 g6
12.Bc1e3 Bf8g7
13.dxc5 Qd8xd1
14.Ra1xd1 Bg7xb2
15.Nf3d4 e5
16.Nd4b5 Ra8b8
17.Rd1b1 { resign }
1-0

[Event "Tourn. n9908"]
[Site "www.echecsemail.com"]
[Date "2018.09.19"]
[Round "1"]
[White "Ssharp"]
[Black "Comrade"]
[WhiteElo "2220"]
[BlackElo "2180"]
[Result "0-1"]
[Round "1"]
1.e4 e6
2.d4 d5
3.e5 c5
4.c3 Nb8c6
5.Ng1f3 cxd4
6.cxd4 Bf8b4
7.Nb1c3 Ng8e7
8.Bf1d3 O-O
9.O-O Ne7f5
10.Bd3xf5 exf5
11.Bc1g5 Bb4e7
12.Bg5xe7 Nc6xe7
13.Qd1b3 Ne7c6
14.Qb3xd5 Bc8e6
15.Qd5xd8 Ra8xd8
16.Rf1d1 Be6d5
17.Nc3xd5 Rd8xd5
18.Rd1d2 Rf8d8
19.Ra1d1 h6
20.Kf1 g5
21.Ke2 Kg7
22.Ke3 Kg6
23.Nf3g1 f4
24.Ke4 Nc6xe5
{ resign }
0-1

[Event "Match"]
[Site "www.echecsemail.com"]
[Date "2018.09.19"]
[Round "1"]
[White "Logout"]
[Black "Lug47"]
[WhiteElo "1499"]
[BlackElo "1520"]
[Result "1-0"]
[Round "1"]
1.f4 Ng8f6
2.Ng1f3 Nb8c6
3.c4 e6
4.Nb1c3 Bf8d6
5.d4 O-O
6.e4 Rf8e8
7.e5 Bd6b4
8.exf6 Qd8xf6
9.a3 Bb4a5
10.b4 Ba5b6
11.c5 Bb6xc5
12.bxc5 h6
13.Bf1e2 e5
14.fxe5 Qf6f5
15.O-O d6
16.cxd6 cxd6
17.exd6 Qf5e6
18.Bc1f4 Qe6g4
19.Nf3e5 Qg4e6
20.Nc3b5 Qe6f5
21.Nb5c7 Bc8e6
22.Nc7xe8 Ra8xe8
23.Ne5xc6 bxc6
24.Qd1d3 Qf5d5
25.Rf1c1 Be6f5
26.Qd3d2 Re8e4
27.Be2f3 g5
28.Bf3xe4 Qd5xe4
29.Bf4e5 Qe4f4
30.Be5xf4 gxf4
31.Qd2xf4 { resign }
1-0

[Event "Match"]
[Site "www.echecsemail.com"]
[Date "2018.09.19"]
[Round "1"]
[White "Rindrandria"]
[Black "Ranjachess"]
[WhiteElo "1760"]
[BlackElo "1820"]
[Result "0-1"]
[Round "1"]
1.Ng1f3 d5
2.e3 Nb8c6
3.c4 d4
4.exd4 Nc6xd4
5.Nf3e5 Ng8f6
6.g4 Qd8d6
7.f4 Qd6e6
8.Bf1h3 g5
9.O-O gxf4
10.Rf1e1 Qe6b6
11.Kh1 Nf6h5
12.Bh3g2 f6
13.Qd1a4 c6
14.Ne5d3 Bc8xg4
15.c5 Qb6d8
16.Nb1c3 f3
17.Bg2f1 b5
18.Qa4b4 a5
19.Qb4a3 Nd4c2
20.Qa3b3 Nc2xa1
21.Qb3d1 f5
22.Nd3f2 Qd8d4
23.Kg1 e5
24.h3 Bf8xc5
25.Re1e3 f4
26.Re3xe5 Qd4xe5
27.hxg4 O-O-O
28.Qd1xf3 Kc7
29.gxh5 Rh8g8
30.Kh2 Bc5xf2
31.Qf3xf2 f3
32.Kh3 Qe5xh5
33.Qf2h4 Qh5xh4
34.Kxh4 f2
35.Nc3e2 Rg8g1
36.Bf1h3 Rd8d3
37.Bh3f5 Rd3d7
38.Bf5xd7 Kxd7
39.d4 Rg1xc1
40.Ne2xc1 f1Q
41.Nc1b3 Na1xb3
42.axb3 Qf1g2
43.Kh5 Ke7
44.Kh4 Kf6
45.d5 Kf5
46.dxc6 Qg2g4

0-1

[Event "Match"]
[Site "www.echecsemail.com"]
[Date "2018.09.19"]
[Round "1"]
[White "Libiesse"]
[Black "Minorsana"]
[WhiteElo "1920"]
[BlackElo "1459"]
[Result "0-1"]
[Round "1"]
1.d4 Ng8f6
2.c4 e6
3.Ng1f3 d5
4.Bc1g5 dxc4
5.Bg5xf6 Qd8xf6
6.Qd1a4 Bc8d7
7.Qa4xc4 c5
8.Nb1c3 cxd4
9.Nf3xd4 Nb8c6
10.Nd4b5 Ra8c8
11.Ra1d1 Nc6b4
12.Qc4b3 Bd7xb5
13.Nc3xb5 Nb4c2
14.Kd2 g6
15.e3 Qf6xf2
16.Bf1e2 Nc2xe3
{ resign }
0-1

[Event "1/64 Finale"]
[Site "www.chess-mail.com"]
[Date "2018.09.19"]
[Round "1"]
[White "Bojan"]
[Black "Passaroa25"]
[WhiteElo "2010"]
[BlackElo "1650"]
[Result "1-0"]
[Round "1"]
1.b4 Ng8f6
2.Bc1b2 Rh8g8
3.c4 Nb8c6
4.e3 Nc6xb4
5.a3 Nb4c6
6.d4 d5
7.c5 Bc8d7
8.f3 e6
9.Nb1c3 Nc6a5
10.Ra1b1 Bf8e7
11.a4 Na5c4
12.Bf1xc4 dxc4
13.Ng1e2 Nf6h5
14.Ne2g3 g6
15.Ng3xh5 gxh5
16.Qd1e2 f5
17.Qe2xc4 Rg8g7
18.g3 c6
19.Bb2c1 a6
20.Rb1xb7 Rg7g6
21.Kf2 Kf7
22.e4 Be7g5
23.exf5 Rg6f6
24.Bc1xg5 { resign }
1-0